| 000 | 00973nam0a2200289 4500 | ||
|---|---|---|---|
| 001 | RU\NLR\bibl\366045 | ||
| 005 | 20250621162031.0 | ||
| 010 |
_a5-318-00238-2 _94500 |
||
| 035 | _a(NLR Aleph) 000360614 | ||
| 090 |
_a333328 _c333328 |
||
| 100 | _a20030212d2002 |||y0rusy50 ca | ||
| 101 | 0 | _arus | |
| 102 | _aRU | ||
| 105 | _aa ||||||||| | ||
| 200 | 1 |
_aЭффективная работа 3ds max 4 _fМихаил Маров |
|
| 210 |
_aСПб. и др. _cПитер _d2002 |
||
| 215 |
_a862 с. _cил. _d24 _e[1] компакт. диск |
||
| 320 | _aДр. работы авт. на 4-й с. обл. | ||
| 320 | _aАлф. указ.: с. 845-862 | ||
| 606 | 0 |
_a3D STUDIO MAX 4.0, графический редактор _92170292 _3RU\NLR\auth\661305568 |
|
| 686 | _aЗ973.23-044.4 | ||
| 700 | 1 |
_aМаров _bМ. _gМихаил _4070 |
|
| 801 | 0 |
_aRU _bNLR _c20030212 _gPSBO |
|
| 801 | 1 |
_aRU _bNLR _c20030212 |
|
| 942 | _cBOOK | ||
| 980 | _aNB | ||